000 00795nas a2200241 4500
001 BR0205108
003 BR-BrBNA
005 20231205103313.0
007 ta
008 230509b bl.|||p| |||| 00| 00por d
040 _aBR-BrBNA
_bpor
_cBiblioteca Nacional de Agricultura
041 _a(En)
072 _aF63
100 1 _aLoguercio, L.L.
245 1 _aPollen treatment in high osmotic potential: a simple tool for in vitro preservation and manipulation of viability in gametophytic populations
650 _aFUMO
650 _aPOLINIZAÇÃO
650 _aPÓLEN
650 _aGERMINAÇÃO
773 0 _tBrazilian Journal of Plant Physiology (Brazil)
_xISSN 1677-0420
_g(Jan-Apr 2002), v. 14(1) p. 65-70
_wBR0205108
909 _a202311
_bLúcia
_c55
_dLúcia Elande
942 _2AGRIS
_n0
_cANA
999 _c172171
_d172171